Discursos leídos en la sesión inaugural del curso 1878 a 79 en el Ateneo de Alumnos Internos de la Facultad de Medicina de Madrid / (Record no. 160004)
[ view plain ]
| 000 -LEADER | |
|---|---|
| campo de control de longitud fija | 01104nam a22002295i 4500 |
| 001 - NÚMERO DE CONTROL | |
| campo de control | 160004 |
| 003 - IDENTIFICADOR DE NÚMERO DE CONTROL | |
| campo de control | ES-MaACL |
| 005 - FECHA Y HORA DE LA ÚLTIMA TRANSACCIÓN | |
| campo de control | 20250716063317.0 |
| 008 - DATOS DE LONGITUD FIJA--INFORMACIÓN GENERAL | |
| campo de control de longitud fija | 021029s1878 sp |||| | spa d |
| 100 1# - ENTRADA PRINCIPAL--NOMBRE DE PERSONA | |
| Nombre de persona | Montaldo y Peró, Federico, |
| Fechas asociadas al nombre | 1859-1912 |
| Término indicativo de función/relación | Autor |
| 9 (RLIN) | 82342 |
| 245 10 - MENCIÓN DEL TÍTULO | |
| Título | Discursos leídos en la sesión inaugural del curso 1878 a 79 en el Ateneo de Alumnos Internos de la Facultad de Medicina de Madrid / |
| Mención de responsabilidad, etc. | por Federico Montaldo y Peró y Agustín García Andradas. |
| 260 ## - PUBLICACIÓN, DISTRIBUCIÓN, ETC. | |
| Lugar de publicación, distribución, etc. | Madrid : |
| Nombre del editor, distribuidor, etc. | [s.n.], |
| Fecha de publicación, distribución, etc. | 1878 |
| Fabricante | (Imp. de Álvarez Hermanos) |
| 300 ## - DESCRIPCIÓN FÍSICA | |
| Extensión | 37 páginas ; |
| Dimensiones | 21 cm. |
| 650 #4 - PUNTO DE ACCESO ADICIONAL DE MATERIA--TÉRMINO DE MATERIA | |
| Término de materia o nombre geográfico como elemento de entrada | Medicina- |
| Subdivisión de forma | Historia |
| 9 (RLIN) | 14907 |
| 655 #4 - TERMINO DE INDIZACIÓN--GENERO/FORMA | |
| Fuente del término | tgfbne |
| 9 (RLIN) | 234367 |
| Datos o término principal de género/forma | Discursos académicos |
| 700 1# - ENTRADA AGREGADA--NOMBRE PERSONAL | |
| Nombre de persona | García Andradas, Agustín |
| Término indicativo de función/relación | Autor |
| 9 (RLIN) | 152895 |
| 710 2# - ENTRADA AGREGADA--NOMBRE DE ENTIDAD CORPORATIVA | |
| Nombre de entidad corporativa o nombre de jurisdicción como elemento de entrada | Ateneo de los Alumnos Internos de la Facultad de Medicina de Madrid. |
| Término indicativo de función/relación | entidad responsable |
| 9 (RLIN) | 151183 |
| 852 ## - LOCALIZACIÓN | |
| Ubicación | ES-MaACL |
| Ubicación en estantería | Depósito folletos |
| Anotaciones manuscritas | Dedicatoria ms. del autor a Laureano Figuerola |
| Donativo/Legado | Donativo Bosch |
| Número de control de estantería | T-1270-F-1 |
| Encuadernación | Enc. en un vol. facticio |
| -- | Holandesa conservando cub. original |
| 942 ## - ELEMENTOS DE ENTRADA SECUNDARIOS (KOHA) | |
| Fuente del sistema de clasificación o colocación | Clasificación decimal universal |
| Tipo de ítem Koha | Folleto |
| Suprimir en OPAC | No |
| Estatus retirado | Estado de pérdida | Fuente del sistema de clasificación o colocación | Estado de daño | No para préstamo | Colección | Biblioteca de origen | Biblioteca actual | Ubicación en estantería | Fecha de adquisición | Fuente de adquisición | Total de préstamos | Signatura topográfica completa | Código de barras | Visto por última vez | Tipo de ítem Koha |
|---|---|---|---|---|---|---|---|---|---|---|---|---|---|---|---|
| Clasificación decimal universal | Colección de folletos | Biblioteca del Ateneo de Madrid | Biblioteca del Ateneo de Madrid | Depósito folletos | 17/01/2008 | Donación | T-1270-F-1 | 1167509 | 23/02/2023 | Folleto |
